000 00285nam a22001337a 4500
008 170315b xxu||||| |||| 00| 0 eng d
020 _a9780321507075
041 _aeng
080 _a611
100 _a7
101 _aSHM
245 _aPHYSIO EX 9.0 FOR A&P
_cSTABLER
942 _2udc
_cBK
999 _c7913
_d7913